| 000 | 00534cam a22002172a 4500 | ||
|---|---|---|---|
| 001 | 024690 | ||
| 003 | AR-FADEU | ||
| 008 | 311216n2000####xxu####################dd | ||
| 020 | _a84-414-0767-3 | ||
| 092 |
_a301.01 _bB942 _eBDT |
||
| 100 | _aBunge, Marío | ||
| 245 | _aLa relación entre la sociología y la filosofía | ||
| 260 | _aMadrid | ||
| 260 | _bEDAF | ||
| 260 | _c2000 | ||
| 300 | _a359 p | ||
| 440 |
_aEdaf, ensayo _n1 |
||
| 500 | _aIncluye bibliografía | ||
| 650 | _aSOCIOLOGIA-FILOSOFIA/BDT/ | ||
| 942 | _cBDT | ||
| 999 |
_c30377 _d30377 |
||